LEADER 01599nas 2200517- 450 001 9910503145903321 005 20230429213018.0 035 $a(CKB)5300000000020604 035 $a(CONSER)--2018218547 035 $a(OCoLC)22701343 035 $a(EXLCZ)995300000000020604 100 $a20180214b18861893 k-- a 101 0 $apol 135 $aur||||||||||| 181 $ctxt$2rdacontent 182 $cc$2rdamedia 183 $acr$2rdacarrier 200 10$aWiarus 210 1$aWinona, Minn. :$c[publisher not identified],$d1886-1893. 215 $a1 online resource 300 $aPublisher: H. Derdowski, -May 25, 1893. 311 $a2576-8980 517 1 $aWeekly wiarus 606 $aPolish people$zUnited States$vNewspapers 606 $aCatholics, Polish$zUnited States$vNewspapers 606 $aPolish Americans$vNewspapers 606 $aCatholics, Polish$2fast$3(OCoLC)fst00849346 606 $aPolish Americans$2fast$3(OCoLC)fst01068870 606 $aPolish people$2fast$3(OCoLC)fst01715992 607 $aWinona (Minn.)$vNewspapers 607 $aWinona County (Minn.)$vNewspapers 607 $aMinnesota$zWinona$2fast 607 $aMinnesota$zWinona County$2fast 607 $aUnited States$2fast 608 $aNewspapers.$2fast 615 0$aPolish people 615 0$aCatholics, Polish 615 0$aPolish Americans 615 7$aCatholics, Polish. 615 7$aPolish Americans. 615 7$aPolish people. 676 $a071 906 $aJOURNAL 912 $a9910503145903321 996 $aWiarus$91893148 997 $aUNINA